The unsearchable riches of Christ: (Record no. 5852)

000 -LEADER
fixed length control field 00758nam a2200193 a 4500
001 - CONTROL NUMBER
control field :::00003594$&:&@@
003 - CONTROL NUMBER IDENTIFIER
control field OkBaRHE
005 - DATE AND TIME OF LATEST TRANSACTION
control field 20110422145614.0
008 - FIXED-LENGTH DATA ELEMENTS--GENERAL INFORMATION
fixed length control field s1979 g 000 0 eng u
020 ## - INTERNATIONAL STANDARD BOOK NUMBER
International Standard Book Number 0801055970
040 ## - CATALOGING SOURCE
Transcribing agency
100 1# - MAIN ENTRY--PERSONAL NAME
Personal name Lloyd-Jones, D. M. (David Martyn).
9 (RLIN) 1069
245 14 - TITLE STATEMENT
Title The unsearchable riches of Christ:
Remainder of title an exposition of Ephesians 3:1 to 21.
260 ## - PUBLICATION, DISTRIBUTION, ETC. (IMPRINT)
Place of publication, distribution, etc Grand Rapids, MI., :
Name of publisher, distributor, etc Baker Book House
Date of publication, distribution, etc 1979
-- Reprinted 1980; 4th printing, December 1984
300 ## - PHYSICAL DESCRIPTION
Extent 315 p. ;
Dimensions 23 cm.
650 ## - SUBJECT ADDED ENTRY--TOPICAL TERM
Topical term or geographic name as entry element Bible New Testament Ephesians 3
General subdivision Commentaries
9 (RLIN) 1070
942 ## - ADDED ENTRY ELEMENTS (KOHA)
Source of classification or shelving scheme
Koha item type Books
Copies
Withdrawn status Date checked out Permanent Location Current Location Source of classification or shelving scheme Date last seen Date acquired Shelving location Total Checkouts Not for loan Lost status Copy number Price effective from Koha item type Damaged status Full call number Barcode
 2019-11-22RHEMA Bible Training CollegeRHEMA Bible Training College 2019-12-132010-04-14General Stacks2  12010-04-14Books BS 2695.2 .L53594